=LDR 00000nam 2200000 4500 =001 INLIS000000000023373 =005 20130612122039 =008 ***********************************Ind** =035 ##$$0010-061300000023373 =041 ##$$a Ind =082 ##$$a 858.02 =090 ##$$a 858.02, Rid m =100 ##$$a Ridwan =245 ##$$a Menyusun tesis, Ridwan,M.B.A =260 ##$$a 2005 $b Bandung =300 ##$$a 376 hlm, ilus, 23 cm =650 ##$$a Menyusun tesis =850 ##$$a NBPNMAT =990 ##$$a 2090100971/BPAP-NTB/2015